Fr. Conceicao Rodrigues College of Engineering

Energy Conversion & Power Generation (Record no. 25213)

MARC details
000 -LEADER
fixed length control field 00365nam a2200145Ia 4500
082 ## - DEWEY DECIMAL CLASSIFICATION NUMBER
Classification number 621.3
100 ## - MAIN ENTRY--PERSONAL NAME
Personal name Aggarwal/ D.D.
245 ## - TITLE STATEMENT
Title Energy Conversion & Power Generation
260 ## - PUBLICATION, DISTRIBUTION, ETC.
Name of publisher, distributor, etc. J.K.Jain Brothers
Place of publication, distribution, etc. Bhopal
Date of publication, distribution, etc. 1974
300 ## - PHYSICAL DESCRIPTION
Extent 388
546 ## - LANGUAGE NOTE
Language note ENGLISH
650 ## - SUBJECT ADDED ENTRY--TOPICAL TERM
Topical term or geographic name entry element Electrical Engineering
654 ## - SUBJECT ADDED ENTRY--FACETED TOPICAL TERMS
Focus term Energy Conversion & Power Generation
942 ## - ADDED ENTRY ELEMENTS (KOHA)
Koha item type BOOK
Holdings
Withdrawn status Lost status Damaged status Not for loan Collection Home library Current library Shelving location Date acquired Total Checkouts Full call number Barcode Date last seen Price effective from Koha item type
        AFT Fr. Agnel's C.Rodrigues College of Engineering Fr. Agnel's C.Rodrigues College of Engineering   17/03/2023   621.3 AFT7070 17/03/2023 17/03/2023 BOOK